LEADER 00963nam a2200241 i 4500 001 991003932979707536 005 20020506111139.0 008 931110s1989 uk ||| | eng 020 $a0521368170 035 $ab1057573x-39ule_inst 035 $aEXGIL129421$9ExL 040 $aDip.to Filol. Ling. e Lett.$bita 100 1 $aBrockbank, Philip$0163785 245 10$aPlayers of Shakespeare 1 :$bessays in Shakespearean performance by twelve players with the Royal Shakespeare Company /$cedited by Philip Brockbank 260 $aCambridge :$bUniversity,$c1989 300 $a179 p., [22] p. di tav. ;$c23 cm. 650 4$aShakespeare, William 907 $a.b1057573x$b14-04-08$c27-06-02 912 $a991003932979707536 945 $aLE008 FL.M. (IN) A 237$g1$i2008000298357$lle008$o-$pE0.00$q-$rl$s- $t0$u0$v0$w0$x0$y.i10659237$z27-06-02 996 $aPlayers of Shakespeare 1$9235060 997 $aUNISALENTO 998 $ale008$b01-01-93$cm$da $e-$feng$guk $h0$i1